01927nam a2200205 a 4500020002700000020003000027020001800057020001500075082001700090100002100107245003800128260004100166300001200207490003400219520134200253650001401595650002401609650001801633856007001651 a0198559496 (paperback) a9780198559498 (paperback) a9780195674002 a0195674006 a543.0858 BRI1 aBrisdon, Alan K.10aInorganic spectroscopic methods / a91pbOxford University Press,c1998. a96 p. ;1 aOxford chemistry primers, 62. aAn understanding of spectroscopic methods is a pre-requisite for students in chemistry and related disciplines from the undergraduate level onwards. Inorganic Spectroscopic Methods provides a firm introduction to common spectroscopic techniques and interpretation of spectra, and their application to inorganic-based systems.The approach taken is unashamedly aimed at the application of the techniques and interpretation of the spectra obtained. Worked examples, illustrative diagrams and references for a theoretical approach are provided throughout the book. Beginning with a introductory description of electromagnetic radiation and its interaction with matter, each subsequent chapter covers the physical basis of related spectroscopic methods (vibrational, resonance, UV-visible spectroscopy, mass spectrometry) and their applications typical in inorganic compounds. Each chapter ends with a number of set problems and short questions in the margin are given throughout the chapters to test the basic concepts. The final chapter offers an integrated approach to the identification of unknown materials - putting together the techniques discussed. This essential text for all undergraduate chemists will also benefit postgraduates in chemistry, and undergraduate and postgraduate students of biochemistry and the biomedical sciences. achemistry ainorganic chemistry aspectroscopic40uhttp://www.amazon.com/exec/obidos/ASIN/0198559496/chopaconline-20